00710nam a2200241 a 4500001001300000003000900013005001700022008004100039020001000080082001500090100001700105245007300122260003800195300000900233500003500242505001300277650002000290700001700310902000800327942000700335952011100342999001500453nice12345678IN_TiNIC20260116011534.0050524s1967 dela grp 000 0 eng  ac3.500a943.9bACZ aAczel, Tamas aTen Years Afterb Hungarian Revolution in the Perspective of History aDelhibSterling Publishers c1967 a253p aincludes index and biblioraphy2 aAppendix aHungary-History1 aAczel, Tamas bSRS cBK 001040708StackRoom-aHMIbHMId2005-05-24g3.50l0o943.9 ACZp03774r2005-05-24v3.50w2005-05-24yBK c2434d2434